000 00316nam a2200145Ia 4500
100 _aKorth/ H.F./ Silberschatz/ A
250 _a3
942 _cBK
654 _aDatabase
245 _aDatabase Systems Concepts 3rd
260 _bMc Graw Hill
_aNew york
_c1997
300 _a821
546 _aENGLISH
999 _c19486
_d19486